Catálogo

ACCESO A LA TIERRA, DESARROLLO Y REDUCCION DE LA POBREZA (Registro nro. 60603)

Detalles MARC
000 -LEADER
fixed length control field 00517nam a2200169 a 4500
001 - CONTROL NUMBER
control field 60603
005 - DATE AND TIME OF LATEST TRANSACTION
control field 20180714061923.0
008 - FIXED-LENGTH DATA ELEMENTS--GENERAL INFORMATION
fixed length control field 140415s2005 ck 000 0 spa d
020 ## - INTERNATIONAL STANDARD BOOK NUMBER
International Standard Book Number 958682585X
041 ## - LANGUAGE CODE
Language code of text/sound track or separate title spa
082 ## - DEWEY DECIMAL CLASSIFICATION NUMBER
Classification number 333.73
Item number DEI
100 1# - MAIN ENTRY--PERSONAL NAME
Personal name DEININGER, KLAUS
245 10 - TITLE STATEMENT
Title ACCESO A LA TIERRA, DESARROLLO Y REDUCCION DE LA POBREZA
250 ## - EDITION STATEMENT
Edition statement 1a ed.
260 ## - PUBLICATION, DISTRIBUTION, ETC.
Place of publication, distribution, etc. COLOMBIA :
Name of publisher, distributor, etc. BANCO MUNDIAL,
Date of publication, distribution, etc. 2005
650 14 - SUBJECT ADDED ENTRY--TOPICAL TERM
Topical term or geographic name entry element RIA
General subdivision
-- TENENCIA DE LA TIERRA
--
--
-- DEL SUELO
--
--
-- POBREZA
--
--
-- O
-- SOCIAL
Existencias
Withdrawn status Lost status Source of classification or shelving scheme Damaged status Not for loan Collection code Home library Current library Shelving location Date acquired Source of acquisition Inventory number Total Checkouts Full call number Barcode Date last seen Price effective from Koha item type
    Dewey Decimal Classification     General Biblioteca Karol Wojtyla Biblioteca Karol Wojtyla Sala general 03/12/2013 Compra 151000000000000000052597   333.73 DEI 2005 91308 05/01/2026 28/08/2014 Libro